000 00864nac a22002297a 4500
001 BR7702895
003 BR-BrBNA
005 20240105114103.0
008 230509b bl.|||m| |||| 00| 0 por d
040 _aBR-BrBNA
_bpor
_cBiblioteca Nacional de Agricultura
072 _aD50
090 _aD50 BR7702895
110 1 _aEmpresa Brasileira de Assistencia Tecnica e Extensao Rural, Brasilia, DF
_93797
245 1 _aNormas de controle e fiscalizacao de entidades de assistencia tecnica. Deliberacao no. 26, de 26 de Julho de 1977 [Brasil]
260 3 _aBrasilia, DF (Brasil):
_c1977.
300 _a12 p.
490 _aDocumentos - Empresa Brasileira de Assistencia Tecnica e Extensao Rural (Brazil)
_vno. 8
_xISSN 0100-395X
650 _aLegislacao
650 _aAssistencia tecnica
909 _a202312
_bLúcia Elande
_c55
_dLúcia Elande
942 _2AGRIS
_n0
_cMS
999 _c267314
_d267314